000 01567cam a22004217a 4500
003 CHAP
005 20220329142052.0
008 990521d1996 mx a r 00110 spa d
010 _a77908
011 _a78880
035 _a88982
040 _cCHAP
082 0 4 _a664
_bQ8
100 0 0 _aQuintero Ramírez, Rodolfo.
_993432
245 1 0 _aTendencias internacionales de la aplicación de la biotecnología en los sectores agroalimentario y agroindustrial
_c/por Rodolfo Quintero Ramírez
260 _aMéxico, D.F. :
_bCamBioTec,
_c1996.
300 _app. 3-26 :
_bilus. ; tablas
410 2 _aCamBioTec
490 0 _aCuadernos especiales de biotecnología
_v; 1
500 _aEnc. con otros impresos similares
590 _aBATCH-UPD
_b10
_c20130110
_lUCH01
_h0410
590 _aBATCH-UPD
_b10
_c20130110
_lUCH01
_h1957
590 _aBATCH-UPD
_b10
_c20130410
_lUCH01
_h0044
590 _aBATCH-UPD
_b10
_c20130410
_lUCH01
_h1602
590 _aBATCH-UPD
_b10
_c20130914
_lUCH01
_h0155
590 _aCONVERSION
_b10
_c20130109
_lUCH01
_h1343
650 1 4 _aAlimentos
_xIndustria.
_94227
650 1 4 _aAlimentos
_xTecnología.
_94284
650 1 4 _aBiotecnología.
_912878
650 1 4 _aIndustrias agrícolas.
_957925
810 0 0 _aCamBioTec
_917793
830 0 0 _aCuadernos especiales de biotecnología
_v; 1
_929858
901 _aBK
905 _aAlejandra Carrasco M.
942 _cLIBRO
949 _a664 Q8
_bBC
_cLIBRO
_d33724000725313
_eLIBRO
_gI.c/e
_h94855
_i88982
_si
_t$ 50.00
949 _a664 Q8
_bBC
_cLIBRO
_d33724000725321
_eLIBRO
_fc.2
_gI.c/e
_h94856
_i88982
_si
_t$ 50.00
999 _c77908
_d77908